[Event "Loire-ch Top20 0203"]
[Site "Loire"]
[Date "2003.02.08"]
[Round "6"]
[White "Fuster, Pierre"]
[Black "Ollier, Michel"]
[Result "0-1"]
[WhiteElo "1890"]
[BlackElo "1900"]
[PlyCount "78"]
[EventDate "2002.10.??"]
[EventType "swiss"]
[EventRounds "9"]
[EventCountry "FRA"]
[SourceTitle "EXT 2008"]
[Source "ChessBase"]
[SourceDate "2007.11.25"]
[SourceVersion "1"]
[SourceVersionDate "2007.11.25"]
[SourceQuality "1"]

1. e4 c5 2. Nf3 d6 3. d4 cxd4 4. Nxd4 Nf6 5. Nc3 a6 6. Bg5 e6 7. f4 Nbd7 8. Qf3 Qc7 9. 0-0-0 b5 10. Bxf6 Nxf6 11. Bd3 Bb7 12. Rhe1 b4 13. Nce2 Be7 14. g4 Nd7 15. Ng3 Nc5 16. Bf1 Rc8 17. Rd2 Bf6 18. Qd1 Bxd4 19. Rxd4 b3 20. Bc4 bxa2 21. Bxa2 0-0 22. Rxd6 Rfd8 23. e5 Qa5 24. Kb1 Bf3 25. Rxd8+ Rxd8 26. Qc1 Bxg4 27. Qe3 Rb8 28. Rg1 Qb4 29. Bb3 a5 30. Qe1 Qb6 31. Ne4 Nxb3 32. Rxg4 Nd2+ 33. Kc1 Nxe4 34. Qxe4 Qxb2+ 35. Kd2 Rd8+ 36. Ke2 Qc1 37. Rg2 Rd2+ 38. Kf3 Qf1+ 39. Kg3 Qxg2+ 0-1

[Event "Loire-ch op"]
[Site "Loire"]
[Date "2002.05.25"]
[Round "8"]
[White "Fuster, Pierre"]
[Black "Gidon, Rene"]
[Result "1-0"]
[WhiteElo "1699"]
[BlackElo "1570"]
[PlyCount "71"]
[EventDate "2001.02.??"]
[EventType "swiss"]
[EventRounds "9"]
[EventCountry "FRA"]
[SourceTitle "EXT 2008"]
[Source "ChessBase"]
[SourceDate "2007.11.25"]
[SourceVersion "1"]
[SourceVersionDate "2007.11.25"]
[SourceQuality "1"]

1. e4 e5 2. Nf3 Nc6 3. Bc4 Be7 4. d4 exd4 5. Nxd4 Nf6 6. Nc3 d6 7. f3 Ne5 8. Bb3 0-0 9. Be3 b6 10. Nd5 Nxd5 11. Bxd5 Rb8 12. h3 Bh4+ 13. Ke2 Ba6+ 14. Kd2 Nc4+ 15. Bxc4 Bxc4 16. Nc6 Qd7 17. Nxb8 Rxb8 18. Kc1 Re8 19. b3 Bb5 20. Bd4 Bg5+ 21. Kb2 c5 22. Bc3 Bc6 23. Qd3 Bb5 24. Qd5 Qe7 25. Rad1 Bf4 26. g3 Bxg3 27. Rhg1 Be5 28. Bxe5 dxe5 29. Rg3 g6 30. a4 Ba6 31. Qd7 Qh4 32. Qxe8+ Kg7 33. Qxe5+ Kh6 34. Rd5 f6 35. Qd6 Bb7 36. Qf8# 1-0